000 01133nam0a22002531i 4500
001 rc\3217149
005 20240921121909.0
021 _aRU
_b[69-30169]
035 _a(NLR Aleph) 007465836
090 _a7364460
_c7364460
100 _a20130115d1969 |||y0rusy50 ca
101 0 _arus
102 _aRU
105 _ay d |||||
200 1 _aЗамещение диафизарных дефектов трубчатых костей аутотрансплантатами различного строения и величины
_e(Эксперим.-морфол. исследование)
_eАвтореф. дис. на соискание учен. степени канд. мед. наук
_e(777)
_fИван. гос. мед. ин-т
210 _aИваново
_d1969
215 _a18 с.
606 _aКостная пластика
_2psbo
700 1 _4070
_7ca
_8rus
_aЮдин
_bГ. В.
_cд-р мед. наук, художник
_f1939-
_gГеннадий Васильевич
_9245361
_3RU\NLR\AUTH\770245417
801 0 _aRU
_bNLR
_gpsbo
801 1 _aRU
_bELAR
_2rusmarc
852 _aNLR
_j69-4/16153
942 _cBOOK